| 000 | 01051nam a2200265Ia 4500 | ||
|---|---|---|---|
| 003 | OSt | ||
| 005 | 20221005110709.0 | ||
| 006 | a|||||r|||| 00| 0 | ||
| 007 | ta | ||
| 008 | 221004b |||||||| |||| 00| 0 spa d | ||
| 020 |
_a8126707526 (hbk) _cINR 250.00 |
||
| 024 | _a29563 | ||
| 037 |
_b277, 03/03/2017, Eastern Book Linkers _cTextual |
||
| 040 |
_aCRL _cCRL _bspa |
||
| 041 |
_2spa _aspa |
||
| 082 | _aO1233N28,EK, 152P3 | ||
| 100 |
_aमार्केज़, गाब्रेएल गार्सीया, ले. _9624137 |
||
| 245 | 0 | _aएकान्त के सौ वर्ष | |
| 246 | _aEkānta ke sau varṣha | ||
| 260 |
_aनई दिल्ली _bराजकमल प्रकाशन भारत _c2003 |
||
| 300 |
_a375पृ0 _ccm. |
||
| 650 | _aस्पैनिश कहानी | ||
| 942 |
_hO1233N28,EK, 152P3 _cTEXL _2cc |
||
| 999 |
_c1019613 _d1019613 |
||